LEADER 01941oam 2200565I 450 001 9910455251003321 005 20210114202356.0 010 $a1-134-56431-7 010 $a1-280-40121-4 010 $a0-203-13225-4 010 $a0-203-17000-8 024 7 $a10.4324/9780203132258 035 $a(CKB)111004366679806 035 $a(SSID)ssj0000132558 035 $a(PQKBManifestationID)11137254 035 $a(PQKBTitleCode)TC0000132558 035 $a(PQKBWorkID)10038658 035 $a(PQKB)10057952 035 $a(MiAaPQ)EBC165861 035 $a(OCoLC)48139853 035 $a(EXLCZ)99111004366679806 100 $a20180706d2001 uy 0 101 0 $aeng 181 $ctxt 182 $cc 183 $acr 200 10$aCritical approaches to fieldwork $econtemporary and historical archaeological practice /$fGavin Lucas 210 1$aLondon ;$aNew York :$cRoutledge,$d2001. 215 $a1 online resource (246 pages) 300 $aBibliographic Level Mode of Issuance: Monograph 311 $a0-415-23533-2 311 $a0-415-23534-0 320 $aIncludes bibliographical references (pages [216]-241) and index. 327 $achapter 1 Introduction: archaeology and the ?eld -- Archaeology and the field -- chapter 2 Finding the past -- chapter 3 Splitting objects -- chapter 4 The measure of culture -- chapter 5 Eventful contexts -- chapter 6 Conclusion -- Material archaeologies. 606 $aArchaeology$xFieldwork 606 $aArchaeology 606 $aHistory & Archaeology$2HILCC 606 $aArchaeology$2HILCC 615 0$aArchaeology$xFieldwork 615 0$aArchaeology 615 7$aHistory & Archaeology 615 7$aArchaeology 676 $a930.1 700 $aLucas$b Gavin$f1965-,$0176766 801 0$bFlBoTFG 801 1$bFlBoTFG 906 $aBOOK 912 $a9910455251003321 996 $aCritical approaches to fieldwork$9542319 997 $aUNINA LEADER 01696cas a2200373 i 4500 001 991002995799707536 005 20240125152440.0 008 071105c18189999gw br|p | 0 b0ger d 022 $a0003-8997 035 $ab13613595-39ule_inst 040 $aDip.to Studi Giuridici$bita 082 0 $a347.43 229 $aArchiv fur die civilistische praxis 245 10$aArchiv fur die civilistische praxis 246 13$aAcP. 260 $aTubingen :$bMohr,$c[1818]- 300 $av. ;$c23 cm 310 $aBimestrale 362 1 $aInizia con: 1, n. 1 (1818) 500 $aIndice: annuale 500 $aLe annate possedute sono consultabili online a partire dal link sottostante 592 $aLE027 2007-2011; 856 41$uhttps://www.mohrsiebeck.com/zeitschrift/archiv-fuer-die-civilistische-praxis-acp$zE-journal (publisher site) 907 $a.b13613595$b19-07-19$c05-11-07 912 $a991002995799707536 945 $aLE027$g1$lle027$op$pE0.00$q-$rn$so$t18$u0$v0$w0$x0$y.i14594626$z05-11-07 945 $aLE027$c2007$g1$iLE027-23088$lle027$on$pE315.90$q-$rn$so$t18$u0$v0$w0$x0$y.i14594638$z05-11-07 945 $aLE027$c2008$g1$iLE027-24899$lle027$on$pE305.30$q-$rn$so$t18$u0$v0$w0$x0$y.i1474711x$z08-05-08 945 $aLE027$cN. 209/2009$g1$iLE027-27249$lle027$on$pE319.61$q-$rn$so$t18$u0$v0$w0$x0$y.i14956846$z21-04-09 945 $aLE027$cn. 210/2010$g1$iLE027-29516$lle027$on$pE322.54$q-$rn$s-$t18$u0$v0$w0$x0$y.i1513023x$z19-05-10 945 $aLE027$c2011$g1$iLE027-31380$lle027$on$pE320.87$q-$rn$s-$t18$u0$v0$w0$x0$y.i15290463$z04-07-11 996 $aArchiv für die civilistische Praxis$9800380 997 $aUNISALENTO 998 $ale027$b05-11-07$cs$da$e-$fger$ggw$h0$i0 LEADER 04090oam 2200793 c 450 001 9910972584603321 005 20260408080230.0 010 $a9783657703173 010 $a3657703179 024 3 $a9783657703173 035 $a(CKB)4100000011951047 035 $a(MiAaPQ)EBC6636612 035 $a(Au-PeEL)EBL6636612 035 $a(OCoLC)1256254594 035 $a(Brill | Scho?ningh)9783657703173 035 $a(Brill | Schöningh)9783657703173 035 $a(EXLCZ)994100000011951047 100 $a20260408d2021 uy 0 101 0 $ager 135 $aurcnu|||||||| 181 $ctxt$2rdacontent 182 $cc$2rdamedia 183 $acr$2rdacarrier 200 10$aClausewitz verstehen$eWirken, Werk und Wirkung$fChristian Th. Müller 205 $a1st ed. 210 $aPaderborn$cBrill | Schöningh$d2021 215 $a1 online resource (311 pages) 311 08$a9783506703170 311 08$a350670317X 320 $aIncludes bibliographical references and index. 327 $g-- 1 --$tWarum dieses Buch? --$g2 --$tCarl von Clausewitz : Leben und Werk --$g3 --$t"Was ist der Krieg?" --$g4 --$tDie Probleme einer Theorie des Krieges --$g5 --$tDie moralischen Kra?fte und das Pha?nomen der Friktion --$g6 --$tZwecke und Mittel --$g7 --$tPolitik und Kriegfu?hrung --$g8 --$tStrategie und Taktik --$g9 --$tAngriff und Verteidigung --$g10 --$tKleiner Krieg und Volkskrieg --$g11 --$tDie Clausewitz-Rezeption im 19. und 20. Jahrhundert --$g12 --$tClausewitz und die Milita?rhistoriographie --$g13 --$tClausewitz und die Kriege des 21. Jahrhunderts --$g14 --$tRu?ckblick und Ausblick --$gAbku?rzungsverzeichnis --$tGliederungsu?bersicht von Carl von Clausewitz, vom Kriege --$gLiteraturverzeichnis --$gDeutschsprachige Ausgaben "vom Kriege" --$gPersonenregister. 330 $aCarl von Clausewitz ist ein Klassiker der militärischen und politischen Theorie; seine Schriften gehören zur Weltliteratur. Christian Th. Müller erschließt die Fülle seiner Gedankenwelt erstmals systematisch, nah an den Originaltexten ? und dennoch allgemeinverständlich für einen breiten Leserkreis. Clausewitz wird zwar gern zitiert, aber wenig gelesen und noch weniger verstanden. Vor allem wurde verkannt, dass seine Theorie nicht als Regelkatalog für ?richtige? Kriegführung, sondern als kritische Betrachtung zur Schulung des Urteilsvermögens entwickelt worden ist. Als solche regt sie noch heute zum eigenständigen Denken an und bietet Hilfestellung bei der geistigen Durchdringung des Phänomens Krieg. Christian Th. Müller gibt einen Überblick zu Leben und Werk von Clausewitz, erörtert dessen Kriegsbegriff und Theorieverständnis. Im Anschluss werden wesentliche Aspekte seiner Theorie wie u.a. ?Strategie und Taktik?, ?Angriff und Verteidigung?, ?Kleiner Krieg und Volkskrieg? erläutert. Auf diesem Weg soll einerseits die Lektüre seines Hauptwerkes ?Vom Kriege? erleichtert werden und andererseits die daraus hervor gehende Theorie als ein Werkzeug der kritischen Analyse nahegebracht werden. 606 $aFriktion 606 $aKleiner Krieg 606 $aKrieg 606 $aKriegstheorie 606 $aNapoleonische Kriege 606 $aPolitische Theorie 606 $aStrategie 606 $afriction 606 $asmall wars 606 $awar 606 $awar theory 606 $aNapoleonic Wars 606 $apolitical theory 606 $astrategy 615 4$aFriktion 615 4$aKleiner Krieg 615 4$aKrieg 615 4$aKriegstheorie 615 4$aNapoleonische Kriege 615 4$aPolitische Theorie 615 4$aStrategie 615 4$afriction 615 4$asmall wars 615 4$awar 615 4$awar theory 615 4$aNapoleonic Wars 615 4$apolitical theory 615 4$astrategy 676 $a355.02092 700 $aMüller$b Christian Th$4aut$00 801 0$bMiAaPQ 801 1$bMiAaPQ 801 2$bMiAaPQ 906 $aBOOK 912 $a9910972584603321 996 $aClausewitz verstehen$94303090 997 $aUNINA